Campeones de Ciclismo - Estadísticas

Estadísticas generales
  • Esta prueba ha sido intentada 36 veces
  • La puntuación promedio es 44 de 591
Estadísticas de respuestas
Winner % Correcto
Alberto Contador
97%
Tadej Pogačar
94%
Jonas Vingegaard
88%
Wong Kam-po
88%
Chris Froome
84%
Alejandro Valverde
81%
Primož Roglič
81%
Remco Evenepoel
81%
Egan Bernal
78%
Miguel Induráin
78%
Simon Yates
75%
Nairo Quintana
72%
Adri van der Poel
69%
Cheung King Lok,Benjamin Thomas
69%
Cho Ho-Sung,Zbigniew Wyrzkykowski
69%
Geraint Thomas
69%
Mark Stewart,Benjamin Thomas
69%
Mathieu van der Poel
69%
Benjamin Thomas
66%
Eddy Merckx
66%
Richard Carapaz
66%
Vincenzo Nibali
66%
Jai Hindley
63%
Fabio Aru
59%
Peter Sagan
59%
Andy Schleck
56%
Bradley Wiggins
56%
Julian Alaphilippe
56%
Lance Armstrong
56%
Sepp Kuss
56%
Bernard Hinault
53%
Marco Pantani
53%
Carlos Sastre
50%
Abraham Olano
47%
Alexander Vinokourov
47%
Andriy Vynokurov
47%
Óscar Pereiro
47%
Pedro Delgado
47%
Cadel Evans
44%
Fausto Coppi
44%
Óscar Freire
44%
Tom Dumoulin
44%
Federico Bahamontes
41%
Mads Pedersen
41%
Mark Cavendish
41%
Casper Pedersen
38%
Chris Horner
38%
Fabian Cancellara
38%
Peder Pedersen
38%
Rui Costa
38%
Filippo Ganna
34%
Greg van Avermaet
34%
Luigi Ganna
34%
Roberto Heras
34%
Tao Geoghegan Hart
34%
Wout van Aert
34%
Greg LeMond
31%
Philippe Gilbert
31%
Samuel Sánchez
31%
Tony Martin
31%
Igor Astarloa
28%
Jacques Anquetil
28%
Jan Ullrich
28%
Luis Ocaña
28%
Michał Kwiatkowski
28%
Ryder Hesjedal
28%
Denis Menchov
25%
Ivan Basso
25%
Zachary Bell
25%
Gino Bartali
22%
Laurent Fignon
22%
Marino Basso
22%
Tom Boonen
22%
Alex Zülle
19%
Bjarne Riis
19%
Joseba Beloki
19%
Michele Scarponi
19%
Aitor González
16%
Damiano Cunego
16%
Delio Rodríguez
16%
Emilio Rodríguez
16%
Joop Zoetemelk
16%
Steve Hegg
16%
Tom Pidcock
16%
Tony Rominger
16%
Albert Torres
13%
Álvaro Pino
13%
Laurent Jalabert
13%
Niels Albert
13%
Paolo Bettini
13%
Stephen Roche
13%
Sven Nys
13%
Tobias Foss
13%
Alessandro Ballan
9%
Andreas Klöden
9%
Elia Viviani
9%
Gilberto Simoni
9%
Louison Bobet
9%
Lucien van Impe
9%
Mario Cipollini
9%
Rohan Dennis
9%
Sean Kelly
9%
Stefan Küng
9%
Thor Hushovd
9%
Ángel Casero
6%
Bernard Thévenet
6%
Danilo di Luca
6%
Evgeni Berzin
6%
Felice Gimondi
6%
Gerard Peters
6%
Gianni Bugno
6%
Gianni Vermeersch
6%
Gordon Johnson
6%
Jan Raas
6%
Johan Museeuw
6%
José Manuel Moreno
6%
Juan Martínez Oliver
6%
Luis Herrera
6%
Marlon Pérez Arango,Glen Thompson
6%
Matej Mohorič
6%
Maurice Peeters
6%
Melcior Mauri
6%
Paolo Savoldelli
6%
Rik van Looy
6%
Santiago Botero
6%
Shane Kelly
6%
Stefano Garzelli
6%
Alex Rasmussen
3%
Andreas Müller
3%
Antonin Magne
3%
Antonio Suárez
3%
Arthur Zimmerman
3%
August Lehr
3%
Bart Wellens
3%
Charly Gaul
3%
Chris Boardman
3%
Erik de Vlaeminck
3%
Fiorenzo Magni
3%
Florian Vermeersch
3%
Francesco Moser
3%
Franco Chioccioli
3%
Frédéric Magné
3%
Heinz Müller
3%
Hugo Koblet
3%
Ivan Gotti
3%
Ivo Oliveira
3%
Joan Llaneras
3%
John Nicholson
3%
Jonathan Milan
3%
José Manuel Fuente
3%
Josiah Ng On Lam
3%
Lucien Petit-Breton
3%
Marco Giovannetti
3%
Marino Lejarreta
3%
Maurice Garin
3%
Moreno Argentin
3%
Ottavio Bottecchia
3%
Pascal Richard
3%
Pavel Tonkov
3%
Philippe Thys
3%
Pierre Trentin
3%
Raymond Poulidor
3%
Roger de Vlaeminck
3%
Romain Maes
3%
Romāns Vainšteins
3%
Sean Eadie
3%
Sebastián Mora
3%
Sylvain Chavanel
3%
Sylvère Maes
3%
Tom Simpson
3%
Aaron Gate
0%
Adrian Tekliński
0%
Agustín Tamames
0%
Akil Campbell
0%
Alain Bondue
0%
Albert Taillandier
0%
Albert van Damme
0%
Albert Zweifel
0%
Aleksandr Kirichenko
0%
Alexander Serov
0%
Alexander Symonenko
0%
Alex Edmondson
0%
Alexi Grewal
0%
Alfonso Calzolari
0%
Alfredo Binda
0%
Aliaksandr Lisouski
0%
Alois Kaňkovský
0%
Andrea Collinelli
0%
Andreas Graf
0%
André Darrigade
0%
André Dufraisse
0%
André Leducq
0%
André Noyelle
0%
Andrew Hampsten
0%
Angelino Soler
0%
Angelo Conterno
0%
Antonio Bevilacqua
0%
Antonio Maspes
0%
Antonio Pesenti
0%
Anton Tkáč
0%
Arie van Vliet
0%
Aristidis Konstantinidis
0%
Armand Blanchonnet
0%
Arnaldo Pambianco
0%
Arnaud Duble
0%
Arnaud Tournant
0%
Artur Ershov
0%
Ashton Lambie
0%
Attilio Pavesi
0%
Azizulhasni Awang
0%
Ben Kersten
0%
Benoni Beheyt
0%
Ben Swift
0%
Bernardo Ruiz
0%
Bernt Johansson
0%
Bert Grabsch
0%
Bert Oosterbosch
0%
Bob Spears
0%
Brad McGee
0%
Briek Schotte
0%
Bruno Risi
0%
Bryan Coquard
0%
Cameron Meyer
0%
Campbell Stewart
0%
Carlo Clerici
0%
Carlo Galetti
0%
Carlo Oriani
0%
Charlie Tanfield
0%
Chris Hoy
0%
Chris Newton
0%
Christian Vande Velde
0%
Christos Volikakis
0%
Claude Criquielion
0%
Claudio Golinelli
0%
Claudio Imhof
0%
Colbey Pearce
0%
Colin Sturgess
0%
Corbin Strong
0%
Costante Girardengo
0%
Craig McLean
0%
Dalmacio Langarica
0%
Damian Zieliński
0%
Damien Pommereau
0%
Dan Frost
0%
Daniel Crista
0%
Daniele Pontoni
0%
Daniel Morelon
0%
Daniel Rébillard
0%
Daniel Wyder
0%
Danny Clark
0%
Danny de Bie
0%
Darryn Hill
0%
Davide Plebani
0%
Denis Dmitriev
0%
Dieter Runkel
0%
Dirk Baert
0%
Dirk Jan van Hameren
0%
Domenic Weinstein
0%
Dominique Arnould
0%
Donavan Grondin
0%
Dunc Gray
0%
Dylan Bibic
0%
Ed Clancy
0%
Edmond Jacquelin
0%
Edward Dawkins
0%
Edward van Dijck
0%
Edwin Ávila
0%
Eiya Hashimoto
0%
Éloi Meulenberg
0%
Eloy Teruel
0%
Émile Friol
0%
Enrico Brusconi
0%
Enzo Sacchi
0%
Ercole Baldini
0%
Éric Caritoux
0%
Ernst Kaufmann
0%
Erwin Vervecken
0%
Ethan Hayter
0%
Ethan Vernon
0%
Etienne de Wilde
0%
Fabián Puerta
0%
Fabio Casartelli
0%
Faustino Rupérez
0%
Fausto Bertoglio
0%
Federico Paris
0%
Ferdinand Bracke
0%
Ferdinand Kübler
0%
Fernando Gaviria
0%
Firmin Lambot
0%
Florian Rousseau
0%
Francesco Camusso
0%
Francisco Gabica
0%
Francis Moreau
0%
Franco Balmamion
0%
François Faber
0%
François Pervis
0%
Franco Marvulli
0%
Frank Kramer
0%
Frank Perque
0%
Frans de Mulder
0%
Franz Stocher
0%
Freddy Maertens
0%
Fredy Schmidtke
0%
Gabriel Ovidio Curuchet,Roland Garber
0%
Gabriel Poulain
0%
Gaetano Belloni
0%
Gary Neiwand
0%
Gary Neiwand,Michael Hübner
0%
Gastone Nencini
0%
Gavin Hoover
0%
George Banker
0%
Georges Ronsse
0%
Georges Speicher
0%
Gerrie Knetemann
0%
Gerrit Schulte
0%
Gianni Motta
0%
Gintautas Umaras
0%
Giovanni Battaglin
0%
Giovanni Brunero
0%
Giovanni Lombardi
0%
Giovanni Pettenella
0%
Giovanni Valetti
0%
Giuseppe Beghetto
0%
Giuseppe Enrici
0%
Giuseppe Saronni
0%
Glenn O'Shea
0%
Gordon Singleton
0%
Gösta Pettersson
0%
Graeme Obree
0%
Graham Sharman
0%
Greg Henderson
0%
Gregor Braun
0%
Grégory Baugé
0%
Grzegorz Krejner
0%
Guido Messina
0%
Gustaaf Deloor
0%
Gustave Garrigou
0%
Hans Henrik Ørsted
0%
Hans Knecht
0%
Harm Ottenbros
0%
Harrie Lavreysen
0%
Harry Stenqvist
0%
Harumi Honda
0%
Hayden Godfrey
0%
Henk Baars
0%
Henk Nijdam
0%
Hennie Kuiper
0%
Hennie Stamsnijder
0%
Henri Cornet
0%
Henri Pélissier
0%
Henry Hansen
0%
Hugh Porter
0%
Iúri Leitão
0%
Ivan Kovalev
0%
Iver Lawson
0%
Jack Bobridge
0%
Jacobus van Egmond
0%
Jacques Dupont
0%
Jai Angsuthasawit
0%
James Carney
0%
Jamie Staff
0%
Jan Derksen
0%
Jan Janssen
0%
Jan van Eijden
0%
Jan-Willem van Schip
0%
Jason Kenny
0%
Jason Queally
0%
Jasper de Buyst
0%
Jean Aerts
0%
Jean Dotto
0%
Jean-Michel Monin
0%
Jean-Pierre Monseré
0%
Jean Robic
0%
Jean Stablinski
0%
Jeffrey Hoogland
0%
Jef Scherens
0%
Jenning Huizenga
0%
Jens Fiedler
0%
Jens Lehmann
0%
Jens Mouris
0%
Jens Veggerby
0%
Jérôme Neuville
0%
Jesús Loroño
0%
Jewhen Bolibruch
0%
Jimmi Madsen
0%
Jiří Daler
0%
Joachim Eilers
0%
Joanis Tamuridis
0%
Jobie Dajka
0%
Johan de Muynck
0%
Jonathan Dibben
0%
Jon Mould
0%
Jordan Kerby
0%
José Beyaert
0%
José Pesarrodona
0%
Josh Charlton
0%
Josh Tarling
0%
Jules Hesters
0%
Julián Berrendero
0%
Kaiya Ota
0%
Karel Kaers
0%
Kazushige Kuboki
0%
Kento Yamasaki
0%
Kevin Quintero
0%
Kévin Sireau
0%
Kirill Sveshnikov
0%
Klaus-Jürgen Grünke
0%
Klaus-Peter Thaler
0%
Knut Knudsen
0%
Koichi Nakano
0%
Krysztof Maksel
0%
Kwok Ho Ting
0%
Lars Boom
0%
Lasse Norman Hansen
0%
Laurent Biondi
0%
Laurent Brochard
0%
Laurent Gané
0%
Leandro Faggin
0%
Learco Guerra
0%
Lech Piasecki
0%
Leigh Howard
0%
Leijn Loevesijn
0%
Léon Scieur
0%
Levi Heimans
0%
Lindsay de Vylder
0%
Loïc Perizzolo
0%
Lothar Thoms
0%
Louis Trousselier
0%
Lucas Liss
0%
Lucien Aimar
0%
Lucien Buysse
0%
Lucien Michard
0%
Luc Leblanc
0%
Luigi Marchisio
0%
Łukasz Bujko
0%
Luke Roberts,Mauro Trentini
0%
Lutz Heßlich
0%
Major Taylor
0%
Marcel Kint
0%
Mario de Clercq
0%
Mario Ghella
0%
Mario Zanin
0%
Mark Downey
0%
Mark French
0%
Mark Gorski
0%
Mark Renshaw
0%
Martyn Irvine
0%
Marty Nothstein
0%
Marty Nothstein,Curt Harnett
0%
Mateusz Rudyk
0%
Matthew Glaetzer
0%
Matthew Richardson
0%
Matthew Walls
0%
Matthijs Büchli
0%
Maurice Dewaele
0%
Maurice Schilles
0%
Maurizio Fondriest
0%
Maximilian Levy
0%
Michael Freiberg
0%
Michael Hepburn
0%
Michael Hübner
0%
Michael Rogers
0%
Michael Sandstød
0%
Michel Pollentier
0%
Michel Rousseau
0%
Michel Vaarten
0%
Mickaël Bourgain
0%
Mike Kluge
0%
Mike McCarthy
0%
Mikhail Ignatiev
0%
Morgan Kneisky
0%
Moritz Augenstein
0%
Moritz Malcharek
0%
Muhammad Shah Firdaus Sahrom
0%
Nicolas Frantz
0%
Niels Fredborg
0%
Niklas Larsen
0%
Nobuyuki Tawara
0%
Octave Lapize
0%
Odile Defraye
0%
Olaf Ludwig
0%
Oscar Camenzind
0%
Oscar Plattner
0%
Patrice Sulpice
0%
Patrick Sercu
0%
Paul Bourillon
0%
Paul Herygers
0%
Paul Masson
0%
Pavel Buráň
0%
Peter Latham
0%
Peter Schep
0%
Philippe Ermenault
0%
Pierfranco Vianelli
0%
Piet Moeskops
0%
Quentin Lafargue
0%
Radomír Šimůnek
0%
Reg Harris
0%
Renato Longo
0%
René Pottier
0%
René Wolff
0%
Richard Groenendaal
0%
Rik van Steenbergen
0%
Robert Bartko
0%
Robert Charpentier
0%
Robert Dill-Bundi
0%
Robert Karśnicki
0%
Roberto Chiappa
0%
Roberto Chiappa,Laurent Gané
0%
Roberto Visentini
0%
Robert Protin
0%
Robert van Lancker
0%
Roger Beaufrand
0%
Roger Ilegems
0%
Roger Kluge
0%
Roger Lapébie
0%
Roger Pingeon
0%
Roger Rivière
0%
Roger Rondeaux
0%
Roger Walkowiak
0%
Roland Garber
0%
Roland Liboton
0%
Rolf Wolfshohl
0%
Roman Luzyschyn
0%
Roy Schuiten
0%
Rudi Altig
0%
Rudolph Lewis
0%
Rudy Dhaenens
0%
Russell Mockridge
0%
Ryan Bayley
0%
Sam Ligtlee
0%
Sam Welsford
0%
Sante Gaiardoni
0%
Santiago Ramírez
0%
Serge Barbara
0%
Sergei Sukhoruchenkov
0%
Sergey Kolesnikov
0%
Sergi Escobar
0%
Serhiy Honchar
0%
Shane Perkins
0%
Sid Patterson
0%
Silvio Martinelli
0%
Silvio Martinello
0%
Simon van Velthooven
0%
Sören Lausberg
0%
Stan Ockers
0%
Stan Tourné
0%
Steele Bishop
0%
Stefan Bötticher
0%
Stefan Nimke
0%
Stefan Steinweg
0%
Stephen Pate
0%
Szymon Sajnok
0%
Taylor Phinney
0%
Teun Mulder
0%
Theo Bos
0%
Theo Middelkamp
0%
Thomas Boudat
0%
Thorvald Ellegaard
0%
Tiemen Groen
0%
Tim Mertens
0%
Tim Veldt
0%
Tobias Hansen
0%
Tomáš Bábek
0%
Tomas Vaitkus
0%
Toni Merkens
0%
Tony Doyle
0%
Tristan Marguet
0%
Unai Elorriaga
0%
Urs Freuler
0%
Valery Kaykov
0%
Vasco Bergamaschi
0%
Vasil Kiryienka
0%
Viatcheslav Ekimov
0%
Victor Dupré
0%
Viktor Kapitonov
0%
Vitaliy Hryniv
0%
Vitaliy Shchedov
0%
Vittorio Adorni
0%
Volodymyr Dyudya
0%
Volodymyr Rybin
0%
Walter Rütt
0%
Wang Chongyang
0%
Wasil Kiryjenka
0%
William Tidball
0%
Willy Arend
0%
Willy Falck Hansen
0%
Wilson Meneses
0%
Yanne Dorenbos
0%
Yauheni Karaliok
0%
Yoeri Havik
0%
Zdeněk Štybar
0%
No se encontraron pruebas coincidentes
Distribución de puntuación
Porcentaje de gente con cada puntuación
Porcentaje por número respondido
Historial de tus puntuaciones
No has intentado esta prueba.